01113nam a2200301Ia 450000500170000000800410001702000150005810000280007324501080010125000230020926400500023230000500028233600270033233700330035933800280039249000150042065000500043565000500048565000350053565000380057070000440060870000420065270000410069494200150073504000350075008400110078599900150079620220317000631.0160601s2004 mx a g 000 0 spa  a96816706201 aGrimm, Jacobd1785-186310aHansel y Gretel cJacob y Wilhelm Grimm ; ilustrado por Anthony Browne ; traducción Miriam Martínez aPrimera edición  1aMéxico bFondo de Cultura Económicac2004 a32 páginas bilustraciones a color c29 cm. atextobtxt2rdacontent asin mediaciónbn2rdamedia avolumenbnc2rdacarrier aClásicos142LEMBaCuentos infantiles alemanes ySiglo XIX142LEMBaLiteratura infantil alemana ySiglo XIX142LEMBaBrujasvCuento infantil 142LEMBaMadrastravCuento infantil 1 aMartínez, Miriam etraductora91041671 aGrimm, Wilhelm Karld1786-18599141841 aBrowne, Anthonyeilustrador 9104168 2loccBKINF aCO-BoRNBPbspaerdacCO-BoRNBP aC GRI1 c4615d4615